Statistics for Closest Country to City

Click here to take the quiz!

General Stats

  • This quiz has been taken 32 times
    (6 since last reset)
  • The average score is 14 of 20

Answer Stats

City Distance Country % Correct
Muscat214 kmIran
83%
Singapore14 kmIndonesia
83%
Mandalay261 kmChina
83%
Kingston209 kmCuba
83%
Quito124 kmColombia
83%
Manila813 kmTaiwan
83%
Lyon96 kmSwitzerland
67%
Addis Ababa397 kmDjibouti
67%
Málaga124 kmMorocco
67%
Montevideo106 kmArgentina
67%
Tampa370 kmBahamas
67%
Sao Paulo774 kmArgentina
67%
Aden187 kmDjibouti
67%
Berlin60 kmPoland
67%
Hanoi131 kmLaos
67%
Guatamala City93 kmEl Salvador
67%
Banjul15 kmSenegal
50%
Naples192 kmVatican City
50%
Phuket220 kmMyanmar
50%
Johannesburg254 kmBotswana
50%

Score Distribution

Percentile by Number Answered

Percent of People with Each Score

Your Score History

You have not taken this quiz since the last reset